LEADER 00965nam0-22003491i-450- 001 990003137670403321 005 20101202105704.0 010 $a0-691-04309-4 035 $a000313767 035 $aFED01000313767 035 $a(Aleph)000313767FED01 035 $a000313767 100 $a20030910d1993----km-y0itay50------ba 101 0 $aita 102 $aIT 200 1 $aMonopsony$eAntitrust Law and Economics$fRoger D.Blair and Jeffrey L. Harrison. 210 $aPrinceton$dN.J.$cPrinceton University Press$d1993. 215 $a179 p.$d23 cm 610 0 $aLegislazione antimonopolistica$aStati Uniti 676 $aF/1.221 676 $aG/3.22 702 1$aBlair,$bRoger D. 702 1$aHarrison,$bJeffrey L. 801 0$aIT$bUNINA$gRICA$2UNIMARC 901 $aBK 912 $a990003137670403321 952 $aG/3.22 BLA$b14676$fSES 952 $aL4.9$b5374$fDECTS 959 $aDECTS 959 $aSES 996 $aMonopsony$9457146 997 $aUNINA LEADER 00930nam0-22003371i-450- 001 990004004430403321 005 20110304104958.0 010 $a0136919901 035 $a000400443 035 $aFED01000400443 035 $a(Aleph)000400443FED01 035 $a000400443 100 $a20040308d2000----km-y0itay50------ba 101 0 $aeng 102 $aUS 105 $aa---a---001yy 200 1 $aPower systems analysis$fArthur R. Bergen, Vijay Vittal 205 $a2nd ed. 210 $aUpper Saddle River$cPrentice Hall$d2000 215 $axii, 619 p.$cill.$d24 cm 610 0 $aSistemi elettrici di potenza 676 $a621.31 700 1$aBergen,$bArthur R.$0151529 701 1$aVittal,$bVijay$0151530 801 0$aIT$bUNINA$gRICA$2UNIMARC 901 $aBK 912 $a990004004430403321 952 $a10 D II 677$bDIEL 3145$fDINEL 959 $aDINEL 996 $aPower systems analysis$9472022 997 $aUNINA LEADER 01400aam 2200373I 450 001 9910710284303321 005 20160121100808.0 024 8 $aGOVPUB-C13-dbfc0c2959817b8c5904d1001a935af6 035 $a(CKB)5470000002476440 035 $a(OCoLC)935499205 035 $a(EXLCZ)995470000002476440 100 $a20160121d1979 ua 0 101 0 $aeng 181 $2rdacontent 182 $2rdamedia 183 $2rdacarrier 200 10$aInternational and national standards on dimensional coordination, modular coordination, tolerances and joints in building /$fHans J. Milton 210 1$aGaithersburg, MD :$cU.S. Dept. of Commerce, National Institute of Standards and Technology,$d1979. 215 $a1 online resource 225 1 $aNBSIR ;$v79-1791 300 $a1979. 300 $aContributed record: Metadata reviewed, not verified. Some fields updated by batch processes. 300 $aTitle from PDF title page. 320 $aIncludes bibliographical references. 700 $aMilton$b Hans J$01403646 701 $aMilton$b Hans J$01403646 712 02$aUnited States.$bNational Bureau of Standards. 801 0$bNBS 801 1$bNBS 801 2$bGPO 906 $aBOOK 912 $a9910710284303321 996 $aInternational and national standards on dimensional coordination, modular coordination, tolerances and joints in building$93545925 997 $aUNINA